MARC

LEADER 00000nam0a2200000 4500
001 136534
005 20231031140601.0
035 |a (RuTPU)RU\TPU\book\147976 
035 |a RU\TPU\book\147963 
090 |a 136534 
100 |a 20080424d1987 k a0rusy50 ca 
101 0 |a rus 
102 |a RU 
105 |a a l 000zy 
122 0 |a d1986121620 
200 1 |a ВНиР. Сборник В6. Монтаж технологического оборудования промышленных предприятий. Вып.6. Коксохимическое производство  |f Министерство монтажных и специальных работ СССР (МИНМОНТАЖСПЕЦСТРОЙ СССР) 
210 |a Москва  |c Прейскурантиздат  |d 1987 
215 |a 127 с.  |c ил. 
229 |a Введен 16.12.1986 
610 1 |a ВНиР 
610 1 |a строительные работы 
610 1 |a монтажные работы 
610 1 |a ведомственные нормы и расценки 
610 1 |a монтаж 
610 1 |a технологическое оборудование 
610 1 |a технические характеристики 
610 1 |a коксохимическое производство 
610 1 |a коксовые печи 
610 1 |a подъемники 
610 1 |a загрузочные устройства 
610 1 |a дутьевые устройства 
610 1 |a сепараторы 
675 |a 69(083)  |v 3 
675 |a 662.74(083)  |v 3 
712 0 2 |a Министерство монтажных и специальных работ СССР (МИНМОНТАЖСПЕЦСТРОЙ СССР)  |2 stltpush  |3 (RuTPU)RU\TPU\col\12633 
801 1 |a RU  |b 63413507  |c 20080417  |g PSBO 
801 2 |a RU  |b 63413507  |c 20221207  |g PSBO 
942 |c BK